000 00572nam a2200181 4500
001 14903
005 20230410102056.0
008 060907n2000 dr spa
020 _a9993401005
035 _9funglode15028
041 _aES
050 1 4 _a118 JL 1138 R173d 2000
100 _aRamírez Morillo, Belarminio
245 1 4 _aLos distritos electorales :
_blas consecuencias políticas de su aplicación en República Dominicana /
_cBelarminio Ramírez Morillo
260 _aSanto Domingo :
_bEditora Diálogo,
_c2000
300 _a95 p.
942 _2lcc
_cbk
999 _c18564
_d18564